What therapists say and why they say it (Record no. 969550)

MARC details
000 -LEADER
fixed length control field 00894nam a2200289Ia 4500
003 - CONTROL NUMBER IDENTIFIER
control field OSt
005 - DATE AND TIME OF LATEST TRANSACTION
control field 20221005062328.0
008 - FIXED-LENGTH DATA ELEMENTS--GENERAL INFORMATION
fixed length control field 221004b |||||||| |||| 00| 0 eng d
020 ## - INTERNATIONAL STANDARD BOOK NUMBER
International Standard Book Number 9781138790643 (pbk)
037 ## - SOURCE OF ACQUISITION
Terms of availability Textual
040 ## - CATALOGING SOURCE
Original cataloging agency CRL
Transcribing agency CRL
Language of cataloging eng
041 ## - LANGUAGE CODE
Source of code eng
Language code of text/sound track or separate title eng
100 ## - MAIN ENTRY--PERSONAL NAME
Personal name McHenry Bill Au.
9 (RLIN) 601723
245 #0 - TITLE STATEMENT
Title What therapists say and why they say it
Remainder of title effective therapeutic responses and techniques
250 ## - EDITION STATEMENT
Edition statement 2nd
260 ## - PUBLICATION, DISTRIBUTION, ETC.
Place of publication, distribution, etc. London
Name of publisher, distributor, etc. Routledge UK
Date of publication, distribution, etc. 2015
300 ## - PHYSICAL DESCRIPTION
Extent xi,188p.
Dimensions cm.
650 ## - SUBJECT ADDED ENTRY--TOPICAL TERM
Topical term or geographic name entry element PSYCHOTHERAPY
650 ## - SUBJECT ADDED ENTRY--TOPICAL TERM
Topical term or geographic name entry element PSYCHOLOGY
700 ## - ADDED ENTRY--PERSONAL NAME
Personal name McHenry Jim Au.
9 (RLIN) 601724
942 ## - ADDED ENTRY ELEMENTS (KOHA)
Classification part S:86, Q5
Koha item type Textual
Source of classification or shelving scheme
Holdings
Withdrawn status Lost status Damaged status Not for loan Home library Current library Date acquired Source of acquisition Total Checkouts Full call number Barcode Date last seen Price effective from Koha item type
        Central Library Central Library 2022-10-05 21, 13/09/2017, Mallika Books   S:86 Q5 CL1648259 2022-10-05 2022-10-05 Textual
Copyright @ Delhi University Library System